000 00674nam a2200205Ia 4500
003 GCL
008 140319s9999 xx 000 0 ara d
040 _aGCL /
_cGCL
082 0 4 _a796.41
_bا ج
100 1 _aامين انور الخولى
245 1 0 _aالجمباز التربوى للاطفال والناشئين EDUCATIONAL GYMNASTICS /
_cامين انور الخولى
700 1 _aعدلى حسين بيومى
300 _a200 ص
490 _aبرامج التربية الحركية
_v0
650 0 4 _aالالعاب الرياضية
650 0 4 _aالعاب القوى
650 0 4 _aالجمباز
650 0 4 _aالعاب القفز
942 _2ddc
_cBK
999 _c39506
_d39506